Score 0/21 Timer 04:00
0 Plays Today
Answer % Correct
BIDES
83%
TIDES
81.5%
SIDES
81.2%
AIDES
79.2%
HIDES
78.9%
RIDES
78.7%
CIDER
77.4%
AIDER
77%
WIDER
76.4%
RIDER
74.6%
SIDER
74.3%
Answer % Correct
HIDER
73.6%
AIDED
73.2%
BIDED
68.5%
BIDET
64.8%
WIDEN
64.3%
SIDED
64.1%
TIDED
56.7%
VIDEO
43.6%
HIDED
42.7%
EIDER
42.5%
Remove Ads.
Support Sporcle.
Get the best of Sporcle when you Go Orange. This ad-free experience offers more features, more stats, and more fun while also helping to support Sporcle. Thank you for becoming a member.

You're not logged in!

Compare scores with friends on all Sporcle quizzes.
OR
Log In

Show Comments

Extras

Top Quizzes Today


Score Distribution

Your Account Isn't Verified!

In order to create a playlist on Sporcle, you need to verify the email address you used during registration. Go to your Sporcle Settings to finish the process.

Report this User

Report this user for behavior that violates our Community Guidelines.

Details: